书目信息 |
| 题名: |
两极分化:福音还是灾难
|
|
| 作者: | 姚先国 著 | |
| 分册: | ||
| 出版信息: | 北京 学苑出版社 1989 |
|
| 页数: | 145页 | |
| 开本: | 19cm | |
| 丛书名: | 经济学者对社会的警告 | |
| 单 册: | ||
| 中图分类: | D6-51 | |
| 科图分类: | ||
| 主题词: | 政治--中国--丛书 | |
| 电子资源: | ||
| ISBN: | 7-80060-316-4 | |
| 000 | 00699nam0 2200229 45 | |
| 001 | 0404211656 | |
| 005 | 20050623155259.6 | |
| 010 | @a7-80060-316-4@dCNY1.80 | |
| 100 | @a20040421d1989 km y0chiy0120 ea | |
| 101 | 0 | @achi |
| 105 | @a z 000yy | |
| 200 | 1 | @a两极分化:福音还是灾难@ALiang Ji Fen Hua:Fu Yin Hai Shi Zai Nan@f姚先国著@FYao Xian Guo Zhu |
| 210 | @a北京@c学苑出版社@d1989 | |
| 215 | @a145页@d19cm | |
| 225 | @a经济学者对社会的警告@f韩朝华主编 | |
| 410 | @12001 @a经济学者对社会的警告 | |
| 410 | @1700 0@a韩朝华@AHan Chao Hua@4主编 | |
| 606 | 0 | @a政治@x中国@x丛书 |
| 690 | @aD6-51@v3 | |
| 701 | 0 | @a姚先国@4著 |
| 801 | @aCN@bPftUser@c20040421 | |
| 905 | @dD6-51@e30:7@f1@b257136 | |
| 两极分化:福音还是灾难/姚先国著.-北京:学苑出版社,1989 |
| 145页;19cm.-(经济学者对社会的警告/韩朝华主编) |
| ISBN 7-80060-316-4:CNY1.80 |
| ● |
| 相关链接 |
|
|
|
|
正题名:两极分化:福音还是灾难
索取号:D6-51/30:7
 
预约/预借
| 序号 | 登录号 | 条形码 | 馆藏地/架位号 | 状态 | 备注 |
| 1 | 0257134 | 000484657 | 密集书库/ [索取号:D6-51/30:7] | 在馆 | |
| 2 | 0257135 | 000484620 | 密集书库/ [索取号:D6-51/30:7] | 在馆 | |
| 3 | 0257136 | 000484648 | 第一样本阅览室/ [索取号:D6-51/30:7] | 在馆 |